[Event "AUT-chT2W 1920"]
[Site "Austria"]
[Date "2019.10.04"]
[Round "1.6"]
[White "Goetz, Siegmar"]
[Black "Nussbaumer, Leon"]
[Result "1-0"]
[WhiteElo "2063"]
[BlackElo "1975"]
[PlyCount "61"]
[EventDate "2019.10.04"]
[EventType "team-tourn"]
[EventRounds "11"]
[EventCountry "AUT"]
[SourceTitle "CBM 192 Extra"]
[Source "Chessbase"]
[SourceDate "2019.11.06"]
[SourceVersion "1"]
[SourceVersionDate "2019.11.06"]
[SourceQuality "1"]
[WhiteTeam "Hoerbranz"]
[BlackTeam "Pradl"]
[WhiteTeamCountry "AUT"]
[BlackTeamCountry "AUT"]

1. e4 c5 2. b3 Nc6 3. Bb2 d6 4. Bb5 Bd7 5. f4 e5 6. Nf3 exf4 7. 0-0 Nf6 8. Nc3 Be7 9. d4 cxd4 10. Nxd4 Ne5 11. Bxd7+ Qxd7 12. Rxf4 0-0 13. Nf5 Ng6 14. Rf1 Rfe8 15. Nxg7 Red8 16. Nh5 Qe6 17. Ng3 Bf8 18. Qf3 Ng4 19. Nd5 N6e5 20. Qf5 Qxf5 21. Rxf5 Bg7 22. Kh1 Ng6 23. Bxg7 Kxg7 24. Raf1 N4e5 25. Rf6 Nh4 26. R1f4 Nhg6 27. Nf5+ Kf8 28. Rf1 Rac8 29. Nxd6 Rc6 30. Rxf7+ Nxf7 31. Rxf7+ 1-0

[Event "AUT-chT2W 1617"]
[Site "Austria"]
[Date "2017.03.05"]
[Round "11.6"]
[White "Nussbaumer, Leon"]
[Black "Khachatouri, Saro"]
[Result "0-1"]
[WhiteElo "1964"]
[BlackElo "1832"]
[PlyCount "40"]
[EventDate "2016.10.28"]
[EventType "team-tourn"]
[EventRounds "11"]
[EventCountry "AUT"]
[SourceTitle "CBM 177 Extra"]
[Source "ChessBase"]
[SourceDate "2017.04.27"]
[SourceVersion "1"]
[SourceVersionDate "2017.04.27"]
[SourceQuality "1"]
[WhiteTeam "Pradl"]
[BlackTeam "Goetzis II"]
[WhiteTeamCountry "AUT"]
[BlackTeamCountry "AUT"]

1. e4 d6 2. d4 Nf6 3. Nc3 e5 4. Nf3 Nbd7 5. Bc4 Be7 6. Bxf7+ Kxf7 7. Ng5+ Kg8 8. Ne6 Qe8 9. Nxc7 Qg6 10. Nxa8 Qxg2 11. Rf1 exd4 12. Ne2 Ne5 13. Nxd4 Qxe4+ 14. Be3 Bg4 15. Qd2 Nd5 16. Rg1 Bh4 17. Kf1 Nc4 18. Qd3 Ncxe3+ 19. Ke1 Nxc2+ 20. Kd2 Bg5+ 0-1

[Event "AUT-chT2W 1516"]
[Site "Austria"]
[Date "2015.10.16"]
[Round "1.6"]
[White "Moroder, Stefan"]
[Black "Nussbaumer, Leon"]
[Result "1-0"]
[WhiteElo "2159"]
[BlackElo "1890"]
[PlyCount "137"]
[EventDate "2015.10.16"]
[EventType "team-tourn"]
[EventRounds "11"]
[EventCountry "AUT"]
[SourceTitle "CBM 168 Extra"]
[Source "ChessBase"]
[SourceDate "2015.10.29"]
[SourceVersion "1"]
[SourceVersionDate "2015.10.29"]
[SourceQuality "1"]
[WhiteTeam "Rochade Rum"]
[BlackTeam "Pradl"]
[WhiteTeamCountry "AUT"]
[BlackTeamCountry "AUT"]

1. e4 c5 2. Nf3 e6 3. b3 Nc6 4. Bb2 d6 5. Bb5 Bd7 6. 0-0 Nf6 7. Re1 Be7 8. d4 cxd4 9. Nxd4 0-0 10. Nxc6 Bxc6 11. Bd3 Qc7 12. Re3 e5 13. c4 Nd7 14. Nc3 Bg5 15. Rg3 Bf4 16. Rh3 Nf6 17. Bc2 Rad8 18. Qe2 Qe7 19. Rd1 Rd7 20. Rhd3 Rfd8 21. a4 a5 22. Ba3 Qe6 23. g3 Bg5 24. f3 h5 25. Kg2 Nh7 26. h4 Be7 27. Rh1 Nf8 28. Bb1 Ng6 29. Rdd1 b6 30. Qe3 Rb7 31. Kf2 Qf6 32. Bd3 Nf8 33. Bc2 Ne6 34. Rd2 Bf8 35. Kg2 Kh7 36. Nd5 Qg6 37. Nxb6 Nd4 38. Nd5 Bxd5 39. cxd5 Rdb8 40. Rxd4 exd4 41. Qxd4 Rc7 42. Qd2 Qh6 43. f4 Kg8 44. Bd1 Ra7 45. Bb2 Re8 46. Bf3 Be7 47. Bc3 Bd8 48. Rb1 Bb6 49. Re1 Qg6 50. f5 Qh7 51. Qg5 Bd8 52. f6 g6 53. Qf4 Rb7 54. Bd1 Ra7 55. Be2 Rc7 56. Bc4 Rb7 57. Bb5 Rf8 58. Qxd6 Qh6 59. Qf4 Qxf4 60. gxf4 Rc7 61. Re3 Rc8 62. e5 Bb6 63. Rd3 Rfd8 64. Bc4 Kf8 65. Kf3 Ra8 66. Be1 Bc5 67. Ke4 Bb6 68. f5 gxf5+ 69. Kxf5 1-0

[Event "AUT-ch U18"]
[Site "Marz"]
[Date "2013.03.27"]
[Round "6"]
[White "Kreiner, Stefan"]
[Black "Nussbaumer, Leon"]
[Result "1-0"]
[WhiteElo "1976"]
[BlackElo "1868"]
[PlyCount "71"]
[EventDate "2013.03.24"]
[EventType "swiss"]
[EventRounds "7"]
[EventCountry "AUT"]
[SourceTitle "CBM 153 Extra"]
[Source "ChessBase"]
[SourceDate "2013.04.22"]
[SourceVersion "1"]
[SourceVersionDate "2013.04.22"]
[SourceQuality "1"]

1. e4 c5 2. Nf3 e6 3. d4 cxd4 4. Nxd4 a6 5. Bd3 Nf6 6. 0-0 Qc7 7. Kh1 b5 8. a4 bxa4 9. f4 Bb7 10. e5 Nd5 11. Qg4 Nc6 12. Nxc6 Qxc6 13. f5 0-0-0 14. c4 Ne7 15. Nd2 h5 16. Qe2 Nxf5 17. Be4 Qb6 18. Bxb7+ Qxb7 19. Ne4 d6 20. Bg5 Be7 21. exd6 Bxg5 22. Nxg5 Rxd6 23. c5 Rc6 24. Rad1 Rxc5 25. Nxf7 Qxf7 26. Qxa6+ Qb7 27. Qxe6+ Kb8 28. Rxf5 Rxf5 29. Qxf5 Rc8 30. Qxh5 Rc2 31. Qe5+ Ka7 32. Qa5+ Kb8 33. Rd8+ Rc8 34. Qe5+ Ka8 35. Qe8 Rxd8 36. Qxd8+ 1-0

[Event "AUT-ch U18"]
[Site "Marz"]
[Date "2013.03.25"]
[Round "3"]
[White "Radic, Patrik"]
[Black "Nussbaumer, Leon"]
[Result "0-1"]
[WhiteElo "1763"]
[BlackElo "1868"]
[PlyCount "120"]
[EventDate "2013.03.24"]
[EventType "swiss"]
[EventRounds "7"]
[EventCountry "AUT"]
[SourceTitle "CBM 153 Extra"]
[Source "ChessBase"]
[SourceDate "2013.04.22"]
[SourceVersion "1"]
[SourceVersionDate "2013.04.22"]
[SourceQuality "1"]

1. e4 c5 2. Nc3 e6 3. g3 Nc6 4. d3 Nf6 5. Bg2 Be7 6. Be3 0-0 7. h4 d5 8. Bd2 a6 9. g4 d4 10. Nb1 e5 11. g5 Ne8 12. Bh3 Nd6 13. Nf3 f5 14. gxf6 Bxf6 15. Ng5 Qe7 16. Qh5 Bxg5 17. hxg5 g6 18. Qh4 Rf7 19. f4 Bxh3 20. Rxh3 exf4 21. Rf3 Ne5 22. Rxf4 Nf3+ 23. Rxf3 Rxf3 24. Na3 Raf8 25. 0-0-0 b5 26. Be1 R8f4 27. Qh2 Rf7 28. Qg2 Rf1 29. Nb1 Rf8 30. Nd2 R1f7 31. Qg4 Rf4 32. Qg2 Ne8 33. Qg1 Ng7 34. Nb3 Ne6 35. Bd2 Rf2 36. Kb1 c4 37. Nc1 Rxd2 38. Rxd2 c3 39. Rg2 a5 40. Nb3 a4 41. Nxd4 Nxd4 42. bxc3 Nf3 43. Qe3 Qa3 44. Rf2 Ne5 45. Rxf8+ Qxf8 46. Kb2 a3+ 47. Kb3 Nf3 48. d4 Qa8 49. Kb4 Qa4+ 50. Kc5 Qc4+ 51. Kd6 Qf7 52. e5 Nh4 53. Qe4 Nf5+ 54. Kc5 Qc4+ 55. Kb6 Qxa2 56. e6 Ne7 57. Qa8+ Kg7 58. Kxb5 Qd5+ 59. Qxd5 Nxd5 60. c4 Nc7+ 0-1

[Event "EU Union-ch op U14/16"]
[Site "Mureck"]
[Date "2011.08.11"]
[Round "9"]
[White "Skuhala, Barbara"]
[Black "Nussbaumer, Leon"]
[Result "1-0"]
[WhiteElo "1642"]
[BlackElo "1904"]
[PlyCount "57"]
[EventDate "2011.08.03"]
[EventType "swiss"]
[EventRounds "9"]
[EventCountry "AUT"]
[SourceTitle "CBM 144 Extra"]
[Source "ChessBase"]
[SourceDate "2011.10.28"]
[SourceVersion "1"]
[SourceVersionDate "2011.10.28"]
[SourceQuality "1"]

1. e4 c5 2. Nf3 e6 3. d4 cxd4 4. Nxd4 a6 5. c4 Nf6 6. Nc3 Qc7 7. Be2 Bb4 8. Qd3 Bxc3+ 9. bxc3 d6 10. 0-0 Nbd7 11. Qg3 0-0 12. Bh6 Ne8 13. f4 Kh8 14. Bg5 f6 15. Nxe6 Qb6+ 16. Kh1 fxg5 17. Nxf8 Nxf8 18. fxg5 Ng6 19. Qf3 Be6 20. h4 Nc7 21. h5 Ne5 22. Qg3 Nxc4 23. h6 Qe3 24. Qh4 Qxe2 25. hxg7+ Kxg7 26. Qh6+ Kg8 27. g6 hxg6 28. Qxg6+ Kh8 29. Rf4 1-0

[Event "EU Union-ch op U14/16"]
[Site "Mureck"]
[Date "2011.08.10"]
[Round "8"]
[White "Nussbaumer, Leon"]
[Black "Nussbaumer, Laslo"]
[Result "1-0"]
[WhiteElo "1904"]
[BlackElo "1828"]
[PlyCount "52"]
[EventDate "2011.08.03"]
[EventType "swiss"]
[EventRounds "9"]
[EventCountry "AUT"]
[SourceTitle "CBM 144 Extra"]
[Source "ChessBase"]
[SourceDate "2011.10.28"]
[SourceVersion "1"]
[SourceVersionDate "2011.10.28"]
[SourceQuality "1"]

1. e4 c5 2. Nf3 e6 3. d4 cxd4 4. Nxd4 a6 5. Bd3 Qc7 6. 0-0 Nf6 7. Qe2 d6 8. f4 Nbd7 9. Be3 Nc5 10. Nd2 b6 11. b4 Ncd7 12. c4 Bb7 13. a4 g6 14. a5 bxa5 15. Rxa5 d5 16. c5 dxe4 17. Bxa6 Bxa6 18. Rxa6 Rxa6 19. Qxa6 Nd5 20. Nxe6 fxe6 21. Qxe6+ Ne7 22. Nxe4 Kd8 23. Rd1 Bg7 24. b5 Re8 25. Nd6 Rf8 26. c6 Nxc6 1-0

[Event "EU Union-ch op U14/16"]
[Site "Mureck"]
[Date "2011.08.09"]
[Round "7"]
[White "Grguric, Stjepan Kresimir"]
[Black "Nussbaumer, Leon"]
[Result "1-0"]
[WhiteElo "1976"]
[BlackElo "1904"]
[PlyCount "147"]
[EventDate "2011.08.03"]
[EventType "swiss"]
[EventRounds "9"]
[EventCountry "AUT"]
[SourceTitle "CBM 144 Extra"]
[Source "ChessBase"]
[SourceDate "2011.10.28"]
[SourceVersion "1"]
[SourceVersionDate "2011.10.28"]
[SourceQuality "1"]

1. e4 c5 2. Nf3 e6 3. d4 cxd4 4. Nxd4 a6 5. Nc3 Qc7 6. Be2 Nf6 7. Bg5 Nc6 8. Bxf6 gxf6 9. Qd2 b5 10. 0-0-0 Bb4 11. g3 Bb7 12. Bxb5 axb5 13. Ndxb5 Qd8 14. Qh6 Na7 15. a3 Nxb5 16. Nxb5 Bf8 17. Qf4 Rc8 18. Rd2 Bc6 19. Nd4 e5 20. Nxc6 Rxc6 21. Qf5 Qe7 22. Rhd1 d6 23. f4 Qe6 24. Qxe6+ fxe6 25. b4 exf4 26. gxf4 Bh6 27. Kb2 Bxf4 28. Rd3 Ke7 29. b5 Rb8 30. a4 Rc4 31. Kb3 Rxe4 32. c4 Re3 33. a5 d5 34. a6 dxc4+ 35. Kxc4 Rc8+ 36. Kb4 Re4+ 37. Rd4 Rxd4+ 38. Rxd4 Be3 39. Rd3 Bb6 40. Rh3 Rh8 41. Rc3 Kd7 42. Rc6 Ba7 43. Ka5 f5 44. Rc3 Rb8 45. Rd3+ Kc7 46. Rc3+ Kd7 47. Rd3+ Ke7 48. Rh3 Bb6+ 49. Kb4 Rh8 50. Rc3 Kd7 51. Rc6 Ba7 52. Rc3 e5 53. Ka5 Rb8 54. Rc6 Be3 55. Rf6 f4 56. b6 e4 57. a7 Ra8 58. Ka6 f3 59. Kb7 Ke7 60. Kxa8 Bxb6 61. Rxb6 f2 62. Rb1 e3 63. Kb8 e2 64. a8Q e1Q 65. Qb7+ Kf6 66. Qc6+ Kf5 67. Qd5+ Kf4 68. Qd6+ Kf3 69. Qd5+ Ke2 70. Rb2+ Ke3 71. Rb3+ Kf4 72. Rf3+ Kg4 73. Qf5+ Kh4 74. Rh3# 1-0

[Event "EU Union-ch op U14/16"]
[Site "Mureck"]
[Date "2011.08.08"]
[Round "6"]
[White "Nussbaumer, Leon"]
[Black "Skuhala, Jernej"]
[Result "0-1"]
[WhiteElo "1904"]
[BlackElo "1773"]
[PlyCount "70"]
[EventDate "2011.08.03"]
[EventType "swiss"]
[EventRounds "9"]
[EventCountry "AUT"]
[SourceTitle "CBM 144 Extra"]
[Source "ChessBase"]
[SourceDate "2011.10.28"]
[SourceVersion "1"]
[SourceVersionDate "2011.10.28"]
[SourceQuality "1"]

1. e4 c5 2. Nf3 d6 3. d4 cxd4 4. Nxd4 Nf6 5. Nc3 a6 6. Be3 e5 7. Nb3 Be7 8. f3 0-0 9. Qd2 Be6 10. 0-0-0 Nbd7 11. g4 b5 12. g5 b4 13. Ne2 Ne8 14. f4 a5 15. f5 Bxb3 16. cxb3 a4 17. bxa4 Rxa4 18. b3 Ra3 19. Kb1 Qa8 20. Ng3 Nc7 21. h4 Qa5 22. h5 Ra8 23. Rh2 Rxb3+ 24. axb3 Qa1+ 25. Kc2 Ra2+ 26. Kd3 Rxd2+ 27. Rhxd2 Qa6+ 28. Kc2 Qa2+ 29. Kc1 Qxb3 30. Rd3 Qa2 31. R1d2 Qa1+ 32. Kc2 Nb5 33. Bh3 Nc3 34. Kb3 Qa4+ 35. Kc4 Nb1 0-1

[Event "AUT-ch U16"]
[Site "Velden"]
[Date "2010.04.01"]
[Round "7.7"]
[White "Nussbaumer, Leon"]
[Black "Schellmann, David"]
[Result "1/2-1/2"]
[WhiteElo "1684"]
[BlackElo "1922"]
[PlyCount "108"]
[EventDate "2010.03.28"]
[EventType "swiss"]
[EventRounds "7"]
[EventCountry "AUT"]
[SourceTitle "EXT 2024"]
[Source "ChessBase"]
[SourceDate "2023.10.10"]
[SourceVersion "1"]
[SourceVersionDate "2023.10.10"]
[SourceQuality "1"]

1. e4 c5 2. Nf3 e6 3. d4 cxd4 4. Nxd4 a6 5. Nc3 Qc7 6. Bd3 Nf6 7. Be3 Nc6 8. 0-0 b5 9. Kh1 Bb7 10. Qe2 Nb4 11. f4 Nxd3 12. cxd3 b4 13. Nd1 d5 14. Rc1 Qa5 15. e5 Nd7 16. b3 g6 17. Nf2 Be7 18. Ng4 0-0 19. Nf3 Rac8 20. Rxc8 Rxc8 21. Ng5 d4 22. Bxd4 Qd5 23. Bb2 Kg7 24. Qf3 Qxf3 25. Nxf3 h5 26. Ne3 Nc5 27. Rd1 Rd8 28. d4 Ne4 29. Kg1 Nc3 30. Bxc3 bxc3 31. Ne1 Be4 32. N1c2 a5 33. a3 Rb8 34. b4 axb4 35. axb4 Bxb4 36. Rb1 Bd6 37. Rxb8 Bxb8 38. Kf2 Bc7 39. Kg3 Bd8 40. Kf2 Kf8 41. Ke2 Ke8 42. Kd1 g5 43. g3 gxf4 44. gxf4 Bh4 45. Nc4 Ke7 46. Nd6 Bg6 47. Nb5 Bf2 48. Nxc3 Bg1 49. Ne2 Bxh2 50. Ne1 Be4 51. Kd2 h4 52. Ke3 Bc6 53. Nf3 Bg3 54. Nxg3 hxg3 1/2-1/2

[Event "AUT-ch U16"]
[Site "Velden"]
[Date "2010.03.30"]
[Round "4.9"]
[White "Nussbaumer, Leon"]
[Black "Gstach, Jakob"]
[Result "0-1"]
[WhiteElo "1684"]
[BlackElo "1820"]
[PlyCount "132"]
[EventDate "2010.03.28"]
[EventType "swiss"]
[EventRounds "7"]
[EventCountry "AUT"]
[SourceTitle "EXT 2024"]
[Source "ChessBase"]
[SourceDate "2023.10.10"]
[SourceVersion "1"]
[SourceVersionDate "2023.10.10"]
[SourceQuality "1"]

1. e4 c5 2. Nf3 e6 3. d4 cxd4 4. Nxd4 a6 5. Nc3 Qc7 6. Be3 Nf6 7. Bd3 Be7 8. 0-0 0-0 9. Qf3 d6 10. Rad1 Nbd7 11. Qg3 b6 12. f4 Bb7 13. Nf3 e5 14. fxe5 dxe5 15. Nh4 Bc5 16. Kh1 Nh5 17. Qf3 Bxe3 18. Qxe3 Nf4 19. Nf5 Nc5 20. Qg3 Nce6 21. Qh4 Ng6 22. Qg4 Nef4 23. Rf3 h5 24. Qg3 b5 25. Rxf4 exf4 26. Qg5 Rfd8 27. Qxh5 Qe5 28. Rf1 Bc8 29. Ne2 Kf8 30. Rxf4 Be6 31. Rf1 Rac8 32. Neg3 Ke8 33. Qh7 Kd7 34. Qxg7 Qb8 35. Rd1 Kc6 36. Qc3+ Kb7 37. Qb4 Rc4 38. Qd2 Ne5 39. Qe2 Rc7 40. Ra1 Rcd7 41. Rd1 Ka8 42. Ne3 f6 43. Ngf5 Rh8 44. h3 Rhd8 45. b3 Ng6 46. Qf1 Nf4 47. Kg1 Rg8 48. Kh1 Rh7 49. a4 Nxg2 50. Qxg2 Rxg2 51. Kxg2 Qg8+ 52. Kh2 Qb8+ 53. Kg2 Rh8 54. Ng4 Qb7 55. Nd6 Qh7 56. Be2 Qc7 57. c4 bxa4 58. bxa4 Qa5 59. Bf3 Ka7 60. Rb1 Qd2+ 61. Nf2 Bxh3+ 62. Kg1 Qg5+ 63. Ng4 Bxg4 64. Rb7+ Ka8 65. Kf2 Rh2+ 66. Bg2 Qd2+ 0-1

[Event "AUT-ch U16"]
[Site "Velden"]
[Date "2010.03.28"]
[Round "2.5"]
[White "Nussbaumer, Leon"]
[Black "Wertjanz, David"]
[Result "0-1"]
[WhiteElo "1684"]
[BlackElo "2126"]
[PlyCount "92"]
[EventDate "2010.03.28"]
[EventType "swiss"]
[EventRounds "7"]
[EventCountry "AUT"]
[SourceTitle "EXT 2024"]
[Source "ChessBase"]
[SourceDate "2023.10.10"]
[SourceVersion "1"]
[SourceVersionDate "2023.10.10"]
[SourceQuality "1"]

1. e4 c5 2. Nf3 d6 3. d4 cxd4 4. Nxd4 Nf6 5. Nc3 a6 6. Be3 e5 7. Nb3 Be6 8. f3 Be7 9. Qd2 0-0 10. 0-0-0 a5 11. Kb1 a4 12. Nc1 a3 13. b3 Ra5 14. g4 d5 15. g5 Nxe4 16. Nxe4 dxe4 17. fxe4 Qc7 18. c4 Rd8 19. Nd3 Nc6 20. h4 Nd4 21. Bh3 Ra6 22. h5 Bxh3 23. Rxh3 Rad6 24. Bxd4 Rxd4 25. g6 fxg6 26. hxg6 h6 27. Qe2 Bf6 28. Nf2 Bg5 29. Rhd3 Qc6 30. Ng4 Rxd3 31. Rxd3 Qxg6 32. Nxe5 Qe6 33. Rxd8+ Bxd8 34. Nd3 g5 35. Nf2 Bf6 36. Ng4 Bb2 37. Nf2 Bd4 38. Ng4 h5 39. Nh2 g4 40. Qg2 Qe5 41. Kc2 Bb2 42. Kb1 Qc3 43. Qf1 Qe3 44. Kc2 Qc3+ 45. Kd1 Qc1+ 46. Ke2 Qc2+ 0-1